Las Libertades civiles y la democracia estadounidense
Sparad:
| Huvudupphovsman: | |
|---|---|
| Materialtyp: | Text |
| Publicerad: |
México D.F:
Gernika
|
| Taggar: |
Lägg till en tagg
Inga taggar, Lägg till första taggen!
|
MARC
| LEADER | 00000 a a2200000 04500 | ||
|---|---|---|---|
| 001 | 25231 | ||
| 003 | |||
| 040 | |||
| 020 | |a 968-6642-52-8 | ||
| 090 | |a 180400 | ||
| 100 | |a Brigham, John | ||
| 245 | |a Las Libertades civiles y la democracia estadounidense | ||
| 260 | |a México D.F: |b Gernika | ||
| 300 | |a 443 p | ||
| 999 | |c 5093 |d 5093 | ||



